Associez le footballeur à son pays - Clic Quiz - Partie 3 - Statistiques

Statistiques générales
  • Ce quiz a été pris 1 128 fois
  • Le résultat moyen est 17 sur 20
Statistiques - réponses
Hint Réponse % Correct
Pedri Espagne
94%
Anthony Martial France
93%
Joao Cancelo Portugal
91%
Yann Sommer Suisse
91%
Leroy Sané Allemagne
89%
Jonathan David Canada
89%
Jadon Sancho Angleterre
87%
David Alaba Autriche
87%
Sergej Milinkovic-Savic Serbie
86%
Andrew Roberstson Ecosse
85%
Josko Gvardiol Croatie
84%
Alexis McAllister Argentine
81%
Kalidou Koulibaly Sénégal
81%
Ronald Araujo Uruguay
81%
Vincent Aboubakar Cameroun
80%
Nicolas Pepe Côte d'ivoire
80%
Talisca Brésil
77%
Amir Rrahmani Kosovo
67%
Tyrell Malacia Pays-Bas
67%
Stefan Savic Monténégro
62%
Aucun quiz correspondant
Distribution des résultats
% des personnes avec chaque résultat
Percentile par nombre de réponses
Votre historique - résultats
Vous n’avez pas pris ce quiz